000 00961nas a2200313 4500
001 BR7905254
003 BR-BrBNA
005 20231205083916.0
007 ta
008 230509b bl.|||p| |||| 00| 00por d
040 _aBR-BrBNA
_bpor
_cBiblioteca Nacional de Agricultura
041 _a(Pt)
072 _aF00
100 1 _aLago, A.A. do
100 1 _aBanzatto, N.V.
100 1 _aSavy Filho, A.
100 1 _aGodoy, I.J. de
245 1 _aLongevidade de sementes de dois cultivares de gergelim [Sesamum indicum; Sao Paulo; Brasil]
246 1 _aLongevity of seeds of two sesame cultivars [Sesamum indicum; Sao Paulo; Brazil]
650 _aProducao vegetal
650 _aGergelim
650 _aSemente
650 _aGerminacao
650 _aVariedade
650 _aSao Paulo
773 0 _tBragantia (Brazil)
_xISSN 0006-8705
_g(Sep 1979), v. 38(18) p. 175-180
_wBR7905254
909 _a202311
_bLúcia
_c55
_dLúcia Elande
942 _2AGRIS
_n0
_cANA
999 _c101955
_d101955